000 00672nam a2200205Ia 4500
005 20260601193256.0
008 260601s9999||||xx |||||||||||||| ||und||
020 _a978-981-97-5504-2
_qebk
100 _aThi Dieu Linh Nguyen
245 0 _aProceedings of the International Conference on Intelligent Systems and Networks
250 _a2024
260 _aHeidelberg, Germany
_bSpringer Nature
_c2024
440 _aLecture Notes in Networks and Systems
650 _aComputer Science
700 _aKwok Yan Lam
700 _aLe Anh Ngoc
700 _aMaurice Dawson
856 _uhttps://link.springer.com/openurl?genre=book&isbn=978-981-97-5504-2
942 _cEB
_2ddc
999 _c56879
_d56879